Find a Greek Logo in the Picture #2 - Statistics

General Stats
  • This quiz has been taken 2 times
  • The average score is 3 of 18
Answer Stats
Picture Answer % Correct
You.gr
100%
Κρίς Κρίς
50%
Ρυθμός
50%
Ote TV
50%
Χαΐτογλου
0%
Ηλεκτρονική
0%
Θέατρο Τέχνης
0%
Αγνό
0%
Ούζο Μίνι
0%
Χρυσή Ζύμη
0%
Εβγα
0%
Γενική Ταχυδρομική
0%
Απογευματινή
0%
Εοπυυ
0%
Βιοκαρπέτ
0%
Βουλή Των Ελλήνων
0%
Electronet
0%
Goodys
0%
No matching quizzes found
Score Distribution
Percent of People with Each Score
Percentile by Number Answered
Your Score History
You have not taken this quiz